书目信息 |
| 题名: |
中国城市发展与建设史
|
|
| 作者: | 庄林德 , 张京祥 编著 | |
| 分册: | ||
| 出版信息: | 江苏 东南大学出版社 2002.05 |
|
| 页数: | 281页 | |
| 开本: | 24cm | |
| 丛书名: | 高等学校都市规划专业系列教材 | |
| 单 册: | ||
| 中图分类: | TU984.2 | |
| 科图分类: | ||
| 主题词: | 城市史--高等学校--教材--中国 , 城市规划 | |
| 电子资源: | ||
| ISBN: | 7-81050-960-8 | |
| 000 | 00862nam2 2200253 45 | |
| 005 | 20050426091106.54 | |
| 010 | @a7-81050-960-8@d35.00CNY | |
| 100 | @a20021222d2002 ekmy0chiy0121 ea | |
| 101 | 0 | @achi |
| 102 | @aCN@b320000 | |
| 105 | @af z 000yy | |
| 200 | 1 | @a中国城市发展与建设史@Azhong guo cheng shi fa zhan yu jian she shi@f庄林德, 张京祥编著 |
| 210 | @a江苏@c东南大学出版社@d2002.05 | |
| 215 | @a281页@c图@d24cm | |
| 225 | 2 | @a高等学校都市规划专业系列教材 |
| 330 | @a本书内容从古迄今共分八章, 系统地阐述了中国城市发展与建设史: 从中国城市的产生..... | |
| 410 | 0 | @12001 @a高等学校都市规划专业系列教材 |
| 606 | 0 | @a城市史@x高等学校@j教材@y中国 |
| 606 | 0 | @a城市规划 |
| 690 | @aTU984.2@v4 | |
| 701 | 0 | @a庄林德@Azhuang lin de@4编著 |
| 701 | 0 | @a张京祥@Azhang jing xiang@4编著 |
| 801 | 0 | @aCN@bQSSKy@c20050426 |
| 905 | @a10447@dTU984.2@eZ928 | |
| 中国城市发展与建设史/庄林德, 张京祥编著.-江苏:东南大学出版社,2002.05 |
| 281页:图;24cm.-(高等学校都市规划专业系列教材) |
| ISBN 7-81050-960-8:35.00CNY |
| 本书内容从古迄今共分八章, 系统地阐述了中国城市发展与建设史: 从中国城市的产生..... |
| ● |
| 相关链接 |
|
|
|
正题名:中国城市发展与建设史
索取号:TU984.2/Z928
 
预约/预借
| 序号 | 登录号 | 条形码 | 馆藏地/架位号 | 状态 | 备注 |
| 1 | 441833 | 204418335 | 建筑库201/201建筑库 65排5列2层/ [索取号:TU984.2/Z928] | 在馆 | |
| 2 | 441834 | 204418344 | 建筑库201/201建筑库 65排5列2层/ [索取号:TU984.2/Z928] | 在馆 | |
| 3 | 441835 | 204418353 | 建筑库201/201建筑库 65排5列2层/ [索取号:TU984.2/Z928] | 在馆 |